| 000 | 00822nam a2200265Ia 4500 | ||
|---|---|---|---|
| 001 | Para_7824 | ||
| 003 | CHAP | ||
| 008 | 220125s9999 xx 000 0 und d | ||
| 010 | _a206458 | ||
| 040 | _cCHAP | ||
| 082 | _aPA 630.72 C65 | ||
| 110 |
_aColegio de Postgraduados (México ) _9150122 |
||
| 245 |
_aAvances en la enseñanza y la investigación / _c por Colegio de Postgraduados |
||
| 260 |
_aChapingo, Méx. : _b Colegio de Postgraduados |
||
| 500 | _aLa biblioteca tiene: 1978; 1982; 1983; 1986 | ||
| 650 |
_aAgricultura _x estudio y enseñanza _xMéxico _9149129 |
||
| 650 |
_aAgricultura _x investigación _91577 |
||
| 901 | _aPA 630.72 C65 | ||
| 902 | _aA | ||
| 905 | _a000000 0000000000 00 | ||
| 910 | _a | ||
| 942 | _cPARA | ||
| 942 |
_cPARA _d1 |
||
| 999 |
_c206458 _d206458 |
||